Intergral marketing : (Record no. 169924)

MARC details
000 -LEADER
fixed length control field 00814nam a2200229 a 4500
003 - CONTROL NUMBER IDENTIFIER
control field OSt
005 - DATE AND TIME OF LATEST TRANSACTION
control field 20240226114019.0
008 - FIXED-LENGTH DATA ELEMENTS--GENERAL INFORMATION
fixed length control field
020 ## - INTERNATIONAL STANDARD BOOK NUMBER
International Standard Book Number 9780620737098 (paperback)
040 ## - CATALOGING SOURCE
Original cataloging agency NUST
Transcribing agency NUST
Language of cataloging eng
Modifying agency NUST
Description conventions rda
050 ## - LIBRARY OF CONGRESS CALL NUMBER
Classification number HF5415 NYA
100 1# - MAIN ENTRY--PERSONAL NAME
Personal name Nyambawo, Andrew.
Relator term Author
245 10 - TITLE STATEMENT
Title Intergral marketing :
Remainder of title enhancing livelihoods /
Statement of responsibility, etc. Andrew Nyambayo
260 ## - PUBLICATION, DISTRIBUTION, ETC.
Place of publication, distribution, etc. Republic of South Africa :
Name of publisher, distributor, etc. Phindela Publishing Group,
Date of publication, distribution, etc. ©2017.
300 ## - PHYSICAL DESCRIPTION
Extent xiv, 249 pages
Other physical details colour illustrations ;
Dimensions 24 cm.
336 ## - CONTENT TYPE
Content type term text
Content type code txt
Source rdacontent
337 ## - MEDIA TYPE
Media type term unmediated
Media type code nc
Source rdamedia
338 ## - CARRIER TYPE
Carrier type term volume
Carrier type code nc
Source rdacarrier
504 ## - BIBLIOGRAPHY, ETC. NOTE
Bibliography, etc. note Includes bibliographical references and index.
650 #1 - SUBJECT ADDED ENTRY--TOPICAL TERM
Topical term or geographic name entry element Intergral Marketing.
942 ## - ADDED ENTRY ELEMENTS (KOHA)
Koha item type Ordinary Loan Books
Call number prefix HF
Call number suffix NYA
Source of classification or shelving scheme Library of Congress Classification
Classification part HF5415
Suppress in OPAC No
Holdings
Withdrawn status Lost status Source of classification or shelving scheme Damaged status Not for loan Collection Home library Current library Shelving location Date acquired Source of acquisition Cost, normal purchase price Total Checkouts Full call number Barcode Date last seen Accession number Cost, replacement price Price effective from Koha item type Public note
    LCC     NFIC MAIN MAIN GEN 01/23/2023 Book Aid International 20.00   HF5415 NYA 92004050325 01/23/2023 0018 20.00 01/23/2023 BOOKS Donation